[Event "European Blitz 2017"]
[Site "Katowice POL"]
[Date "2017.12.15"]
[Round "18.79"]
[White "Paprocki, Jaroslaw"]
[Black "Meissner, Felix"]
[Result "0-1"]
[BlackTitle "FM"]
[WhiteElo "2184"]
[BlackElo "2333"]
[WhiteFideId "1122274"]
[BlackFideId "24671827"]
[EventDate "2017.12.15"]
[EventType "blitz"]

1. d4 g6 2. e4 c6 3. e5 h5 4. h4 Nh6 5. Nh3 Nf5 6. c3 d6 7. Ng5 dxe5 8. dxe5
Qxd1+ 9. Kxd1 Bg7 10. f4 Ng3 11. Rg1 Nxf1 12. Rxf1 Bg4+ 13. Kc2 Bf5+ 14. Kb3 a5
15. a4 f6 16. exf6 exf6 17. Re1+ Kd7 18. Nf3 Na6 19. Be3 Rhe8 20. Nbd2 Be6+ 21.
Kc2 Bd5 22. Rad1 Kc7 23. g3 Bf8 24. Bd4 Bg7 25. Ng5 c5 26. c4 Nb4+ 27. Kb3 cxd4
28. cxd5 fxg5 29. Re6 Rxe6 30. dxe6 gxh4 31. gxh4 Re8 32. Rc1+ Kb8 33. Rc5 Rxe6
34. Rxa5 Nc6 35. Rg5 Bh6 36. Rg2 Bxf4 37. Nc4 d3 38. Kc3 d2 39. Nxd2 Re3+ 40.
Kc4 Rg3 41. Re2 Bxd2 42. Rxd2 Rg4+ 43. Kc5 Rxa4 44. Rd6 Rxh4 45. Rxg6 Ka7 46. b4
Nxb4 47. Rh6 Nc6 48. Kd5 Rh1 49. Ke4 Kb6 50. Kf3 Rh4 51. Rh7 Ka6 52. Kg3 Rg4+
53. Kh3 Rg5 54. Kh4 Rc5 55. Kg3 b5 56. Rc7 b4 57. Rf7 Kb5 0-1

[Event "European Blitz 2017"]
[Site "Katowice POL"]
[Date "2017.12.15"]
[Round "18.80"]
[White "De Filomeno, Simone"]
[Black "Segura Ariza, Jose Luis"]
[Result "1-0"]
[WhiteTitle "IM"]
[BlackTitle "CM"]
[WhiteElo "2429"]
[BlackElo "2177"]
[WhiteFideId "828688"]
[BlackFideId "2225972"]
[EventDate "2017.12.15"]
[EventType "blitz"]

1. d4 d5 2. c4 e6 3. Nc3 c6 4. Nf3 f5 5. Bf4 Nf6 6. e3 Be7 7. Be2 O-O 8. O-O b6
9. Qc2 Ne4 10. h3 Bb7 11. Ne5 Bf6 12. f3 Nxc3 13. bxc3 Nd7 14. Rad1 Rc8 15. Qb3
Bxe5 16. Bxe5 Nxe5 17. dxe5 Qg5 18. f4 Qg3 19. Rf3 Qh4 20. c5 b5 21. c4 Qe7 22.
cxb5 cxb5 23. Bxb5 Rxc5 24. Rf2 Rfc8 25. Bf1 Rc3 26. Qa4 Rxe3 27. Qxa7 Ra3 28.
Qd4 Rca8 29. Rdd2 R3a4 30. Qb6 Rb4 31. Qe3 Rb1 32. Rb2 Ra1 33. Qb6 Ba6 34. Qc6
Rc8 35. Qxa6 1-0

[Event "European Blitz 2017"]
[Site "Katowice POL"]
[Date "2017.12.15"]
[Round "18.81"]
[White "Piesik, Piotr"]
[Black "Wilk, Krzysztof"]
[Result "1-0"]
[WhiteTitle "FM"]
[WhiteElo "2374"]
[BlackElo "2125"]
[WhiteFideId "1136194"]
[BlackFideId "1116193"]
[EventDate "2017.12.15"]
[EventType "blitz"]

1. Nf3 d5 2. g3 c6 3. Bg2 Bf5 4. O-O e6 5. d3 Bg6 6. Nbd2 Nf6 7. Qe1 Be7 8. e4
dxe4 9. dxe4 O-O 10. Ne5 Nbd7 11. Nxg6 hxg6 12. Qe2 Qc7 13. a4 Rfd8 14. Nc4 b5
15. axb5 cxb5 16. Ne3 Rab8 17. Bd2 Bc5 18. Rfd1 Rdc8 19. c3 Ne5 20. Be1 b4 21.
Kh1 g5 22. Nc2 a5 23. Nd4 bxc3 24. Bxc3 Bb4 25. Nb5 Qc4 26. Qxc4 Nxc4 27. Nd4
Bxc3 28. bxc3 Nb2 29. Rdc1 Nd3 30. Rc2 e5 31. Nf5 Rc5 32. Ne3 Rbc8 33. Ra3 Rb8
34. Bf1 Rb1 35. Kg2 Ne1+ 36. Kg1 Nxc2 37. Nxc2 Nxe4 38. Kg2 Rxc3 39. Ra2 g4 40.
Ne3 Rcc1 41. h3 gxh3+ 42. Kxh3 Rxf1 43. Nxf1 Rxf1 44. Rxa5 f6 45. Ra4 Nc5 46.
Rc4 Nd3 47. Rc3 Nb4 48. Kg2 Rb1 49. Rc8+ Kh7 50. Rb8 Rb2 51. Rd8 e4 52. Rd4 f5
53. Kf1 Nd3 54. f4 Rf2+ 55. Kg1 Rf3 56. Kg2 Ne1+ 57. Kh3 Rf1 58. g4 Nf3 59. Ra4
e3 60. Ra2 Rh1+ 61. Kg3 fxg4 62. Kxg4 Nd4 63. Kg3 e2 64. Kg2 e1=Q 65. Ra1 1-0

[Event "European Blitz 2017"]
[Site "Katowice POL"]
[Date "2017.12.15"]
[Round "18.82"]
[White "Putka, Verners"]
[Black "Kumala, Aleksander"]
[Result "0-1"]
[WhiteElo "2307"]
[BlackElo "2220"]
[WhiteFideId "11600659"]
[BlackFideId "1141880"]
[EventDate "2017.12.15"]
[EventType "blitz"]

1. d4 Nf6 2. Nf3 e6 3. g3 Nc6 4. Bg2 b6 5. O-O Bb7 6. c4 d6 7. Nc3 Be7 8. d5
exd5 9. cxd5 Ne5 10. Nd4 O-O 11. Nf5 Bc8 12. Qc2 Re8 13. Nxe7+ Qxe7 14. Nb5 Ba6
15. Nd4 Bb7 16. Qb3 Qd7 17. Bg5 Qg4 18. Be3 Re7 19. Rac1 Qh5 20. h3 Neg4 21.
hxg4 Nxg4 22. Rfd1 Rxe3 23. fxe3 Qh2+ 24. Kf1 Qxg3 25. Kg1 Nxe3 26. Qxe3 Qxe3+
27. Kf1 Qf4+ 28. Kg1 h5 29. Rxc7 Ba6 30. Rc3 Re8 31. Rf3 Qg4 32. Rd2 Re4 33. Kf2
Rxd4 34. Rc2 Rc4 35. Rd2 Qh4+ 36. Kg1 Rc1+ 37. Bf1 Qg5+ 0-1

[Event "European Blitz 2017"]
[Site "Katowice POL"]
[Date "2017.12.15"]
[Round "18.83"]
[White "Psyk, Radoslaw"]
[Black "Dobrowolski, Piotr"]
[Result "1-0"]
[BlackTitle "IM"]
[WhiteElo "2222"]
[BlackElo "2421"]
[WhiteFideId "1182838"]
[BlackFideId "1106236"]
[EventDate "2017.12.15"]
[EventType "blitz"]

1. e4 e6 2. d4 d5 3. Nd2 a6 4. Bd3 c5 5. exd5 exd5 6. dxc5 Bxc5 7. Ngf3 Nf6 8.
O-O O-O 9. Nb3 Bb6 10. Bg5 Nc6 11. c3 Bg4 12. h3 Bh5 13. g4 Bg6 14. Bxg6 hxg6
15. Nbd4 Qd6 16. Qd3 Ne4 17. Be3 Bc7 18. Kg2 Rfe8 19. Ne2 Rad8 20. Bf4 Qd7 21.
Bxc7 Qxc7 22. Ned4 Ne5 23. Nxe5 Rxe5 24. Nf3 Ree8 25. Rad1 Nc5 26. Qd2 Ne6 27.
Kh1 Nf4 28. Ng1 g5 29. Rfe1 Qc6 30. Qd4 Ne6 31. Qb4 d4+ 32. Kh2 Nf4 33. f3 Rxe1
34. Rxe1 Nd3 35. Qe7 Rd7 36. Qe8+ Kh7 37. Rd1 dxc3 38. bxc3 Qd6+ 39. f4 Qxf4+
40. Kg2 Qf2+ 41. Kh1 Nf4 42. Qe4+ g6 43. Rxd7 Kh6 44. Qf3 Qxa2 45. h4 Qe6 46.
hxg5+ Kxg5 47. Rd4 Qe5 48. Rxf4 Qxf4 49. Nh3+ 1-0

[Event "European Blitz 2017"]
[Site "Katowice POL"]
[Date "2017.12.15"]
[Round "18.84"]
[White "Berzina, Ilze"]
[Black "Vykouk, Jan"]
[Result "1-0"]
[WhiteTitle "WGM"]
[BlackTitle "FM"]
[WhiteElo "2211"]
[BlackElo "2435"]
[WhiteFideId "11601345"]
[BlackFideId "349658"]
[EventDate "2017.12.15"]
[EventType "blitz"]

1. e4 c5 2. Nf3 Nc6 3. Bb5 d6 4. O-O Bd7 5. Re1 a6 6. Bxc6 Bxc6 7. d4 cxd4 8.
Nxd4 Bd7 9. c4 Nf6 10. Nc3 e6 11. b3 Be7 12. Bb2 O-O 13. Nf3 Qc7 14. e5 dxe5 15.
Nxe5 Rfd8 16. Qf3 Be8 17. Ne4 Nxe4 18. Rxe4 Bf6 19. Rae1 Bc6 20. Nxc6 Qxc6 21.
Bxf6 gxf6 22. Rg4+ Kf8 23. Qxf6 Qc7 24. Rg7 Qe7 25. Rg8+ 1-0

[Event "European Blitz 2017"]
[Site "Katowice POL"]
[Date "2017.12.15"]
[Round "18.85"]
[White "Molenda, Marcin"]
[Black "Troyke, Christian"]
[Result "1/2-1/2"]
[WhiteTitle "FM"]
[BlackTitle "IM"]
[WhiteElo "2388"]
[BlackElo "2348"]
[WhiteFideId "1173065"]
[BlackFideId "4616278"]
[EventDate "2017.12.15"]
[EventType "blitz"]

1. d4 g6 2. c4 Bg7 3. Nf3 Nf6 4. g3 O-O 5. Bg2 d6 6. O-O Ne4 7. Nbd2 Nxd2 8.
Bxd2 e5 9. Bc3 Nc6 10. dxe5 dxe5 11. e3 Bg4 12. Qb3 Qc8 13. Ng5 h6 14. Ne4 Rb8
15. Rac1 b6 16. Nf6+ Bxf6 17. Bxc6 Rd8 18. f3 Be6 19. Rfd1 Rxd1+ 20. Rxd1 b5 21.
Bd5 b4 22. Be1 c6 23. Bxe6 Qxe6 24. e4 a5 25. Bf2 Be7 26. Qc2 f5 27. b3 Rd8 28.
Rxd8+ Bxd8 29. Qd3 Bc7 30. c5 Kf7 31. Kg2 Ke7 32. Qa6 fxe4 33. fxe4 Kd7 34. Be3
h5 35. Qf1 h4 36. Qf8 h3+ 37. Kf3 Bd8 38. g4 Be7 39. Qg7 Ke8 40. Qh8+ Kd7 41.
Qxh3 a4 42. Qf1 axb3 43. Qd3+ Kc7 44. axb3 Bh4 45. h3 Qf7+ 46. Kg2 Be7 47. g5
Qe6 48. Kg3 Qf7 49. h4 Qe6 50. Qc4 Qxc4 51. bxc4 b3 52. Bc1 Bxc5 53. Kg4 Bd4 54.
h5 gxh5+ 55. Kxh5 Bc5 56. g6 Bf8 57. Bb2 Kd6 58. Kg5 Ke6 59. Bc3 c5 60. Bb2 Bg7
61. Bc3 Bf8 62. Bb2 Bg7 1/2-1/2

[Event "European Blitz 2017"]
[Site "Katowice POL"]
[Date "2017.12.15"]
[Round "18.86"]
[White "Hansen, Mads Smith"]
[Black "Oglaza, Oskar"]
[Result "0-1"]
[WhiteElo "2347"]
[BlackElo "2245"]
[WhiteFideId "1400258"]
[BlackFideId "1194402"]
[EventDate "2017.12.15"]
[EventType "blitz"]

1. e4 c5 2. Nc3 e6 3. f4 a6 4. Nf3 b5 5. d3 Nc6 6. g4 d5 7. Bg2 b4 8. Ne2 dxe4
9. Ng5 Bb7 10. Ng3 exd3 11. cxd3 h6 12. N5e4 Nf6 13. O-O Nxe4 14. Bxe4 Be7 15.
Be3 Qc7 16. Rc1 Rd8 17. Qf3 O-O 18. Kg2 Rxd3 19. Qe2 Rd7 20. Bxc5 Bxc5 21. Rxc5
Qb6 22. Rfc1 Nd4 23. Qe3 Bxe4+ 24. Nxe4 f5 25. gxf5 exf5 26. Ng3 Ne6 27. Re5
Qxe3 28. Rxe3 Nxf4+ 29. Kf3 Nd5 30. Re5 f4 31. Ne4 Ne3 32. Rc6 Rd1 33. Re7 Nf5 0-1

[Event "European Blitz 2017"]
[Site "Katowice POL"]
[Date "2017.12.15"]
[Round "18.87"]
[White "Walach, Marcin"]
[Black "Golenia, Wojciech"]
[Result "1/2-1/2"]
[WhiteTitle "FM"]
[WhiteElo "2319"]
[BlackElo "1984"]
[WhiteFideId "1107682"]
[BlackFideId "1175300"]
[EventDate "2017.12.15"]
[EventType "blitz"]

1. e4 e5 2. Nf3 Nc6 3. Bc4 Nf6 4. Ng5 d5 5. exd5 Na5 6. Bb5+ c6 7. dxc6 bxc6 8.
Qf3 Bb7 9. Bd3 h6 10. Ne4 c5 11. Bb5+ Nd7 12. Nbc3 Be7 13. Qf5 Nc6 14. Bxc6 Bxc6
15. d3 O-O 16. Bd2 Rb8 17. b3 Nf6 18. Nxf6+ Bxf6 19. Ne4 Bxe4 20. Qxe4 Qe7 21.
O-O Rfd8 22. Bc3 Re8 23. Rae1 Qc7 24. Qc4 Re6 25. Re4 Rbe8 26. Rfe1 g6 27. f4
Bg7 28. Bxe5 Bxe5 29. fxe5 Rxe5 30. a4 Qd6 31. g3 R8e7 32. Rxe5 Rxe5 33. Rxe5
Qxe5 34. Qe4 Qc3 35. Qe2 Qd4+ 36. Qf2 Qc3 37. Kg2 Kg7 38. h4 a5 39. Qe2 Qd4 40.
Qd2 Qd5+ 41. Kh2 Qf5 42. c3 Qf3 43. d4 cxd4 44. Qxd4+ Kh7 45. Qd2 Qb7 46. Qc2
Qd5 47. c4 Qc5 48. Qd2 Kg8 49. Qd8+ Kg7 50. Qd3 Kh7 51. Kh3 h5 52. Qd5 Qf2 53.
c5 Qf1+ 54. Qg2 Qf5+ 55. Kh2 Qxc5 56. Qd2 Qb6 57. Qd5 Qf2+ 58. Kh3 Qf1+ 59. Kh2
Qf2+ 60. Kh3 Qf1+ 61. Kh2 Qf2+ 62. Kh3 Qf1+ 63. Kh2 1/2-1/2

[Event "European Blitz 2017"]
[Site "Katowice POL"]
[Date "2017.12.15"]
[Round "18.88"]
[White "Olkhovskiy, Alexander"]
[Black "Kastelic, Marian"]
[Result "1-0"]
[BlackTitle "FM"]
[WhiteElo "2145"]
[BlackElo "2255"]
[WhiteFideId "34188611"]
[BlackFideId "14602245"]
[EventDate "2017.12.15"]
[EventType "swiss"]

1. e4 e5 2. Nf3 Nc6 3. Bc4 Nf6 4. d3 Be7 5. O-O O-O 6. Re1 a6 7. c3 d6 8. h3 h6
9. Bb3 Be6 10. Bc2 Nd7 11. d4 exd4 12. Nxd4 Nxd4 13. Qxd4 Ne5 14. f4 Nc6 15. Qd3
f6 16. Nd2 Qd7 17. e5 f5 18. exd6 Bxd6 19. Rxe6 Rad8 20. Qc4 Kh8 21. Re1 b5 22.
Qf1 Ne7 23. Nf3 Ng6 24. Nd4 Rde8 25. Bd2 c5 26. Rxe8 Qxe8 27. Nxf5 Bc7 28. Re1
Qc6 29. Ne7 Nxe7 30. Rxe7 Qd6 31. Qd3 Qxd3 32. Bxd3 Bd8 33. Rd7 c4 34. Be4 Bb6+
35. Kh2 Re8 36. Bg6 Rf8 37. f5 Rc8 38. Bf4 Bd8 39. Be5 Bf6 40. Bxf6 gxf6 41. Kg3
Kg8 42. Kf3 Rc5 43. Kf4 a5 44. Bf7+ Kf8 45. Be6 b4 46. Rd4 b3 47. axb3 cxb3 48.
Bxb3 Rb5 49. Bd5 Rxb2 50. Ra4 Rf2+ 51. Kg4 Ke7 52. Rxa5 Kd6 53. Bf3 Rc2 54. Ra6+
Ke7 55. Rc6 Kd7 56. Rxf6 1-0

[Event "European Blitz 2017"]
[Site "Katowice POL"]
[Date "2017.12.15"]
[Round "18.89"]
[White "Chernyak, Viktoria"]
[Black "Kozak, Antoni"]
[Result "1-0"]
[WhiteTitle "WFM"]
[WhiteElo "2196"]
[BlackElo "2076"]
[WhiteFideId "24165956"]
[BlackFideId "21832030"]
[EventDate "2017.12.15"]
[EventType "blitz"]

1. Nf3 Nf6 2. c4 c5 3. Nc3 b6 4. g3 Bb7 5. Bg2 e6 6. O-O Be7 7. Re1 d6 8. e4 Qc7
9. b3 a6 10. Bb2 Nbd7 11. d4 cxd4 12. Nxd4 O-O 13. Rc1 Rad8 14. Qe2 Rfe8 15. h3
Qc8 16. Kh2 Qa8 17. Na4 Qa7 18. f4 d5 19. cxd5 exd5 20. e5 Ne4 21. Nc3 Ndc5 22.
b4 Nxc3 23. Bxc3 Ne4 24. a3 Bf8 25. Bb2 Qa8 26. Rc7 Rc8 27. Rec1 Rxc7 28. Rxc7
Rc8 29. Qc2 Rxc7 30. Qxc7 Nd2 31. Bc3 Nc4 32. a4 a5 33. bxa5 bxa5 34. Nb5 Ne3
35. Bf3 Bc6 36. Bd4 Nf5 37. Bf2 Qe8 38. Nc3 Bxa4 39. Bxd5 Bd7 40. Qxa5 Be6 41.
Be4 h5 42. Kg2 g6 43. Nd5 Bxd5 44. Qxd5 Ng7 45. Bxg6 h4 46. g4 Ne6 47. Kf3 fxg6
48. f5 Kf7 49. Bxh4 Qc6 50. fxe6+ Qxe6 51. Ke4 Bg7 52. Bg3 Bf8 53. g5 Be7 54. h4
Bf8 55. Bf2 Be7 56. Bd4 Ba3 57. Bc3 Ke7 58. Qb7+ Ke8 59. Qa8+ Kf7 60. Qxa3 Qc4+
61. Bd4 Qc2+ 62. Qd3 Qa2 63. Qf3+ Ke8 64. Qf6 Qe2+ 65. Kd5 Qb5+ 66. Bc5 Qd3+ 67.
Kc6 Qa6+ 68. Kc7 Qa5+ 69. Bb6 Qc3+ 70. Qc6+ 1-0

[Event "European Blitz 2017"]
[Site "Katowice POL"]
[Date "2017.12.15"]
[Round "18.90"]
[White "Smolin, Sergey1"]
[Black "Zimina, Olga"]
[Result "0-1"]
[WhiteTitle "IM"]
[BlackTitle "IM"]
[WhiteElo "2153"]
[BlackElo "2415"]
[WhiteFideId "4131177"]
[BlackFideId "4132190"]
[EventDate "2017.12.15"]
[EventType "blitz"]

1. e4 c6 2. d4 d5 3. exd5 cxd5 4. c3 Nc6 5. Bf4 Nf6 6. Nd2 Bg4 7. Qb3 Qd7 8.
Ngf3 Bxf3 9. Nxf3 e6 10. Ne5 Qc8 11. Bb5 Nd7 12. O-O Be7 13. Nf3 O-O 14. Bd3 Nf6
15. Rfe1 a6 16. a4 Na5 17. Qc2 Nc4 18. Qe2 b5 19. Ne5 Qb7 20. b4 Nd6 21. f3 Rac8
22. Bd2 Nc4 23. Bc1 Nd6 24. Bd2 Nc4 25. Bb1 Nxd2 26. Qxd2 Bd6 27. Nd3 Qc7 28.
Nc5 Bxh2+ 29. Kh1 Qg3 30. Nd3 Qh4 31. g3 Bxg3+ 32. Kg1 Bxe1 33. Nxe1 Qg3+ 34.
Kf1 Rc7 35. Ke2 Rfc8 36. Ra3 bxa4 37. Nd3 Qg2+ 38. Nf2 Nh5 39. Qe3 Ng3+ 40. Kd3
Qf1+ 41. Kd2 Qxb1 42. Rxa4 Qb2+ 43. Kd3 Rxc3# 0-1

[Event "European Blitz 2017"]
[Site "Katowice POL"]
[Date "2017.12.15"]
[Round "18.91"]
[White "Michalski, Filip"]
[Black "Budrewicz, Krzysztof"]
[Result "1-0"]
[WhiteElo "2089"]
[BlackElo "2204"]
[WhiteFideId "1151371"]
[BlackFideId "1127950"]
[EventDate "2017.12.15"]
[EventType "blitz"]

1. d4 Nf6 2. c4 e6 3. Nc3 Bb4 4. e3 b6 5. Ne2 Bb7 6. a3 Be7 7. Ng3 d5 8. f3 O-O
9. cxd5 Nxd5 10. Bd3 Nd7 11. e4 Nxc3 12. bxc3 c5 13. O-O Rc8 14. Bb2 Re8 15. Rc1
Bf8 16. Bb1 Ba6 17. Re1 Qc7 18. e5 cxd4 19. cxd4 Qb8 20. Qd2 Rxc1 21. Rxc1 Rc8
22. Rc2 g6 23. Ne4 Bc4 24. Qc1 Ba6 25. Ng5 Rxc2 26. Bxc2 Be7 27. Qf4 Qf8 28. Bb3
Bxg5 29. Qxg5 Bb7 30. h4 h6 31. Qc1 Kg7 32. Ba4 Nb8 33. Qf4 Qe7 34. Bc1 h5 35.
Qh6+ Kg8 36. Qf4 Bd5 37. Qd2 Qxh4 38. Qc3 Qd8 39. Be3 Na6 40. Qc1 Nc7 41. Bg5
Qb8 42. Bf6 b5 43. Qh6 Qf8 44. Qh8# 1-0

[Event "European Blitz 2017"]
[Site "Katowice POL"]
[Date "2017.12.15"]
[Round "18.92"]
[White "Walter, Szymon"]
[Black "Miton, Kamil"]
[Result "0-1"]
[BlackTitle "GM"]
[WhiteElo "2246"]
[BlackElo "2584"]
[WhiteFideId "1172590"]
[BlackFideId "1111914"]
[EventDate "2017.12.15"]
[EventType "blitz"]

1. e4 c5 2. Nc3 Nc6 3. f4 g6 4. Nf3 Bg7 5. Bb5 Nd4 6. O-O a6 7. Bc4 e6 8. d3 Ne7
9. Nxd4 cxd4 10. Ne2 d5 11. Bb3 dxe4 12. dxe4 O-O 13. Qd3 a5 14. Bd2 b5 15. a4
bxa4 16. Rxa4 Nc6 17. Bc4 Qb6 18. b3 Rd8 19. Ng3 Bb7 20. Rfa1 Bf8 21. Kh1 Nb4
22. Bxb4 Bxb4 23. Rf1 Qc6 24. Raa1 Kg7 25. f5 exf5 26. Bb5 Qc3 27. exf5 Qxd3 28.
Bxd3 Re8 29. Ne2 Rad8 30. Nf4 Re5 31. fxg6 hxg6 32. Bc4 Rd7 33. Nd3 Rg5 34. Rf2
Bd6 35. Raf1 f5 36. Kg1 Re7 37. h3 Re3 38. Rd2 Rxh3 39. Re1 Re3 40. Rxe3 dxe3
41. Re2 f4 42. Ne1 Bb4 43. Kf1 Rh5 44. Nf3 Rh1+ 45. Ng1 g5 46. Be6 Ba6 47. Bc4
Bxc4 48. bxc4 Bc3 49. g3 f3 50. Rxe3 Rxg1+ 51. Kxg1 Bd4 52. Kf2 Bxe3+ 53. Kxe3
a4 54. c5 Kf7 55. c6 Ke7 0-1

[Event "European Blitz 2017"]
[Site "Katowice POL"]
[Date "2017.12.15"]
[Round "18.93"]
[White "Luch, Michal"]
[Black "Tymrakiewicz, Rafal"]
[Result "1/2-1/2"]
[WhiteTitle "IM"]
[BlackTitle "FM"]
[WhiteElo "2398"]
[BlackElo "2272"]
[WhiteFideId "1120042"]
[BlackFideId "1108832"]
[EventDate "2017.12.15"]
[EventType "blitz"]

1. d4 d5 2. c4 Bf5 3. cxd5 Nf6 4. Nc3 Nxd5 5. Nf3 e6 6. Qb3 Nxc3 7. bxc3 Nd7 8.
Qxb7 Bd6 9. g3 Rb8 10. Qc6 O-O 11. Bg2 Rb6 12. Qa4 Be4 13. O-O Nf6 14. Nd2 Bxg2
15. Kxg2 Qa8+ 16. f3 Rfb8 17. e4 e5 18. d5 h5 19. h4 Qb7 20. Nb3 c6 21. Be3 Ra6
22. dxc6 Rxa4 23. cxb7 Rxb7 24. Rfd1 Ne8 25. Rdb1 f6 26. Nd2 Rxb1 27. Nxb1 Nc7
28. Nd2 Nb5 29. c4 Nc3 30. Rc1 Nxa2 31. Ra1 Nc3 32. Rxa4 Nxa4 33. Bxa7 Bb4 34.
Nb3 Kf7 35. Be3 Ke6 36. Kf1 Nb2 37. c5 Nc4 38. Bf2 Kd7 39. Ke2 Kc6 40. Kd3 Nb2+
41. Kc2 Nc4 42. g4 g6 43. gxh5 gxh5 44. Kd3 Nb2+ 45. Kc2 Nc4 46. Bg1 Be1 47. Kd3
Nb2+ 48. Ke2 Bxh4 49. Na5+ Kc7 50. Kd2 Na4 51. Kc2 Be1 52. Nc4 Kc6 53. Nd6 Nxc5
54. Ne8 Bh4 55. Ng7 Bg5 56. Nxh5 Ne6 57. Kd3 Nf4+ 58. Nxf4 Bxf4 59. Kc4 Bg5 60.
Bc5 Bh4 1/2-1/2

[Event "European Blitz 2017"]
[Site "Katowice POL"]
[Date "2017.12.15"]
[Round "18.95"]
[White "Janaszak, Dawid"]
[Black "Colls Gelaberto, Emili"]
[Result "1-0"]
[WhiteTitle "FM"]
[BlackTitle "CM"]
[WhiteElo "2372"]
[BlackElo "2093"]
[WhiteFideId "1119206"]
[BlackFideId "2209950"]
[EventDate "2017.12.15"]
[EventType "blitz"]

1. d4 Nf6 2. Nc3 d5 3. Bf4 Bf5 4. f3 Bg6 5. h4 h5 6. Nb5 Na6 7. e3 c6 8. Nc3 Nc7
9. Bd3 Bxd3 10. Qxd3 e6 11. O-O-O Bd6 12. Nh3 Qe7 13. e4 Bxf4+ 14. Nxf4 dxe4 15.
fxe4 Ng4 16. Qe2 O-O-O 17. Nxh5 Rxh5 18. Qxg4 Rdh8 19. Qxg7 Ne8 20. Qg3 Rxh4 21.
Rhf1 R4h7 22. d5 Rg7 23. Qf2 Kb8 24. dxc6 bxc6 25. Kb1 Rhg8 26. g3 Nd6 27. Qc5
Nc8 28. Qxc6 Rxg3 29. Rd7 Qb4 30. Nb5 1-0

[Event "European Blitz 2017"]
[Site "Katowice POL"]
[Date "2017.12.15"]
[Round "18.96"]
[White "Mitkov, Marjan"]
[Black "Snihur, Piotr"]
[Result "0-1"]
[WhiteTitle "IM"]
[WhiteElo "2333"]
[BlackElo "2233"]
[WhiteFideId "15000354"]
[BlackFideId "1157191"]
[EventDate "2017.12.15"]
[EventType "blitz"]

1. d4 Nf6 2. Nf3 e6 3. Bg5 d5 4. e3 Be7 5. c4 Nbd7 6. Nc3 c6 7. Qc2 O-O 8. cxd5
exd5 9. Bd3 Re8 10. O-O Nf8 11. Rab1 Ne4 12. Bxe7 Qxe7 13. Bxe4 dxe4 14. Nd2 Bf5
15. f3 Qg5 16. f4 Qh4 17. b4 a6 18. Na4 Re6 19. g3 Qh5 20. Nc5 Re7 21. Nc4 Rd8
22. a4 Ne6 23. Nxe6 Bxe6 24. Nd2 Bf5 25. Rf2 h6 26. Rc1 Rd5 27. Nb3 Bc8 28. Nc5
Qg6 29. Qb3 Qd6 30. Qa3 b6 31. Nb3 a5 32. Rb2 axb4 33. Qa2 c5 34. Rd2 Be6 35.
dxc5 bxc5 36. Rxd5 Qxd5 37. Rxc5 Qxb3 38. Qa1 Qxe3+ 0-1

[Event "European Blitz 2017"]
[Site "Katowice POL"]
[Date "2017.12.15"]
[Round "18.98"]
[White "Mis, Mieszko"]
[Black "Nikitenko, Mihail"]
[Result "1/2-1/2"]
[BlackTitle "IM"]
[WhiteElo "2240"]
[BlackElo "2361"]
[WhiteFideId "1196448"]
[BlackFideId "13506862"]
[EventDate "2017.12.15"]
[EventType "blitz"]

1. d4 d5 2. c4 c6 3. cxd5 cxd5 4. Nc3 Nf6 5. Bf4 Nc6 6. e3 e6 7. Nf3 Be7 8. Bd3
Bd7 9. h3 O-O 10. O-O Qa5 11. a3 Rfc8 12. b4 Qd8 13. Rc1 Be8 14. Ne5 Nd7 15.
Nxc6 Rxc6 16. Na4 Rxc1 17. Qxc1 a5 18. b5 Rc8 19. Qb2 Nb6 20. Nxb6 Qxb6 21. a4
Bd6 22. Bxd6 Qxd6 23. Rc1 Rxc1+ 24. Qxc1 b6 25. Qc2 Kf8 26. g3 h6 27. Kg2 Ke7
28. Qc8 Bd7 29. Qh8 Qa3 30. Bc2 Qa2 31. Qh7 Be8 32. h4 h5 33. Qd3 Kd8 34. Qc3
Bd7 35. Qd3 Qa1 36. Qh7 Qa2 37. Qd3 g6 38. Qc3 Be8 39. Bb3 Qa3 40. Qc2 Qb4 41.
Kf1 Bd7 42. Ke2 Qa3 43. Qa2 Qxa2+ 1/2-1/2

[Event "European Blitz 2017"]
[Site "Katowice POL"]
[Date "2017.12.15"]
[Round "18.100"]
[White "Radnai, Adam"]
[Black "Frink, Ferenc"]
[Result "1-0"]
[WhiteTitle "FM"]
[BlackTitle "FM"]
[WhiteElo "2266"]
[BlackElo "2106"]
[WhiteFideId "726702"]
[BlackFideId "704946"]
[EventDate "2017.12.15"]
[EventType "blitz"]

1. Nf3 Nf6 2. g3 Nc6 3. Bg2 e5 4. c4 d5 5. cxd5 Nxd5 6. Nc3 Bc5 7. O-O O-O 8.
Nxe5 Nxc3 9. Nxc6 Bxf2+ 10. Kh1 Nxd1 11. Nxd8 Rxd8 12. Rxd1 Bg4 13. Rf1 Bb6 14.
Bf3 Bh3 15. Bg2 Bxg2+ 16. Kxg2 Rd7 17. e3 Rad8 18. Kf3 Rd3 19. Ke2 f6 20. Rf4 c5
21. Rc4 Ba5 22. Rc2 c4 23. b4 cxb3 24. axb3 Bb6 25. Rc3 R3d7 26. d4 Re8 27. Kd3
Kf7 28. Rc4 Red8 29. Bb2 f5 30. Rf1 Ke6 31. Rc2 g6 32. Re2 Kd5 33. h3 Re8 34. g4
Rf7 35. gxf5 gxf5 36. Rf3 Bc7 37. Ref2 Ke6 38. d5+ Kxd5 39. Rxf5+ Rxf5 40. Rxf5+
Ke6 41. Rh5 Rd8+ 42. Ke2 Rd7 43. e4 a6 44. Rh6+ Ke7 45. Rxh7+ Ke6 46. Rxd7 Kxd7
47. Kf3 b5 48. h4 a5 49. h5 a4 50. bxa4 bxa4 51. h6 Ke6 52. h7 a3 53. Ba1 a2 54.
h8=Q Bd6 55. Qf6+ 1-0

[Event "European Blitz 2017"]
[Site "Katowice POL"]
[Date "2017.12.15"]
[Round "19.1"]
[White "Kovalenko, Igor"]
[Black "Michalik, Peter"]
[Result "0-1"]
[WhiteTitle "GM"]
[BlackTitle "GM"]
[WhiteElo "2639"]
[BlackElo "2557"]
[WhiteFideId "14117908"]
[BlackFideId "14907526"]
[EventDate "2017.12.15"]
[EventType "blitz"]

1. e4 c6 2. d4 d5 3. exd5 cxd5 4. Bd3 Nc6 5. c3 g6 6. Nf3 Bf5 7. Bxf5 gxf5 8.
O-O e6 9. Re1 Bd6 10. c4 Nge7 11. c5 Bc7 12. Bg5 Qd7 13. Nc3 Rg8 14. a3 Rg6 15.
Qd2 a6 16. b4 f6 17. Bf4 Bxf4 18. Qxf4 Kf7 19. Re2 Rag8 20. g3 Rg4 21. Qh6 R8g7
22. Rae1 Nd8 23. h3 R4g6 24. Qd2 Qc7 25. Kh1 f4 26. g4 Rh6 27. Kg2 Nf5 28. Qd3
Nh4+ 29. Kf1 Ng6 30. Kg2 Nh4+ 31. Kf1 Ng6 32. Ng1 Rh4 33. b5 h5 34. f3 hxg4 35.
fxg4 axb5 36. Nxb5 Qd7 37. Nd6+ Kg8 38. Qf3 Qa4 39. Qf2 Rh8 40. Rxe6 Nxe6 41.
Rxe6 Qd1+ 42. Re1 Qd3+ 43. Kg2 f3+ 44. Qxf3 Nh4+ 45. Kf2 Nxf3 46. Nxf3 Rxh3 0-1

[Event "European Blitz 2017"]
[Site "Katowice POL"]
[Date "2017.12.15"]
[Round "19.2"]
[White "Andriasian, Zaven"]
[Black "Fressinet, Laurent"]
[Result "1/2-1/2"]
[WhiteTitle "GM"]
[BlackTitle "GM"]
[WhiteElo "2585"]
[BlackElo "2662"]
[WhiteFideId "13302000"]
[BlackFideId "608742"]
[EventDate "2017.12.15"]
[EventType "blitz"]

1. e4 e5 2. Nf3 Nc6 3. Bc4 Bc5 4. O-O d6 5. c3 Nf6 6. d3 a6 7. Bb3 O-O 8. Nbd2
Be6 9. h3 Bxb3 10. axb3 d5 11. b4 Ba7 12. Qe2 dxe4 13. Nxe4 Nxe4 14. dxe4 Qe7
15. Rd1 Rfd8 16. Rd5 f6 17. Be3 Bxe3 18. Qxe3 Qf7 19. Rad1 Rxd5 20. exd5 Ne7 21.
c4 Nf5 22. Qe4 Nd6 23. Qe2 Rd8 24. b3 Qf8 25. Qc2 Qf7 26. Qe2 Qf8 27. Qc2 Qf7
28. Qe2 1/2-1/2